[Event "Marianske Lazne op 50+"]
[Site "Marianske Lazne"]
[Date "2019.01.22"]
[Round "4"]
[White "Gatial, Miroslav"]
[Black "Kasik, Miroslav"]
[Result "1-0"]
[WhiteElo "1000"]
[BlackElo "1785"]
[PlyCount "47"]
[EventDate "2019.01.19"]
[EventType "swiss"]
[EventRounds "9"]
[EventCountry "CZE"]
[SourceTitle "CBM 188 Extra"]
[Source "ChessBase"]
[SourceDate "2019.02.26"]
[SourceVersion "1"]
[SourceVersionDate "2019.02.26"]
[SourceQuality "1"]

1. e4 c5 2. c4 Nc6 3. Nc3 d6 4. d3 g6 5. g3 Bg7 6. Bg2 e6 7. Nge2 Nge7 8. 0-0 0-0 9. f4 Nd4 10. g4 Rb8 11. Rb1 Bd7 12. Be3 Nxe2+ 13. Nxe2 b5 14. b3 b4 15. d4 Qc8 16. dxc5 dxc5 17. Qd6 Nc6 18. Qxc5 Rd8 19. Qg5 Bf8 20. f5 h6 21. Qh4 g5 22. Bxg5 hxg5 23. Qxg5+ Kh7 24. Rf3 1-0